Un apprendistato, o Il libro dei piaceri /
I tiakina i:
| Kaituhi matua: | |
|---|---|
| Ētahi atu kaituhi: | , |
| Hōputu: | Pukapuka |
| Reo: | Itāriana |
| I whakaputaina: |
Torino :
La rosa,
1981
|
| Rangatū: | La rosa ;
15 |
| Ngā Tūtohu: |
Kāore He Tūtohu, Me noho koe te mea tuatahi ki te tūtohu i tēnei pūkete!
|
MARC
| LEADER | 00000nam a22000007i 4500 | ||
|---|---|---|---|
| 001 | IT\ICCU\SBL\0620765 | ||
| 003 | ItRI | ||
| 005 | 20260115232240.0 | ||
| 008 | 910930s1981 it |||||| ||||| |||||c | ||
| 015 | |2 IT |a 834247 | ||
| 040 | |b ita |c importazione bologna sebina | ||
| 041 | 7 | |a ita |2 ISO-639-2 | |
| 082 | |a 869 |9 LETTERATURA PORTOGHESE E BRASILIANA |2 18 | ||
| 100 | 1 | |a Lispector, Clarice |0 IT\ICCU\CFIV\019681 |4 aut | |
| 240 | 1 | 4 | |a Uma aprendizagem, ou O livro dos prazeres. - |3 IT\ICCU\RAV\0185572 |9 Lispector, Clarice |
| 245 | 1 | 3 | |a Un apprendistato, o Il libro dei piaceri / |c Clarice Lispector ; traduzione e introduzione di Rita Desti ; con una nota di Luciana Stegagno Picchio. |
| 246 | 1 | 3 | |a Il libro dei piaceri. - |9 IT\ICCU\PAL\0035123 |
| 260 | |a Torino : |b La rosa, |c 1981 | ||
| 300 | |a XIII, 137 p. ; |c 20 cm. | ||
| 700 | 1 | |a Desti, Rita |0 IT\ICCU\CFIV\041750 | |
| 700 | 1 | |a Stegagno Picchio, Luciana |0 IT\ICCU\CFIV\066889 | |
| 790 | 1 | |a Picchio, Luciana |3 IT\ICCU\SBNV\001930 |z Stegagno Picchio, Luciana | |
| 830 | 3 | |a La rosa ; |v 15 |0 IT\ICCU\CFI\0003703 | |
| 942 | |2 ddc |c BK |n 0 | ||
| 952 | |0 0 |1 0 |4 0 |6 DOC_869_340000000000000_LIS |7 0 |9 22870 |a BO |b BO |d 2026-01-15 |i 19114 |l 0 |o DOC 869.34 LIS |p BO19114 |r 2026-01-15 23:22:40 |w 2026-01-15 |x [Sebina 5] [1 v.] |y BK |z 1 v. | ||
| 999 | |c 19522 |d 19522 | ||